| 000 | 00913nam a2200265 a 4500 | ||
|---|---|---|---|
| 003 | OSt | ||
| 005 | 20131108165614.0 | ||
| 008 | 131108s1981 sz ||||| |||| 00| 0 spa d | ||
| 020 | _a92-4-320662-1 | ||
| 040 | _cBiblioteca Medicina | ||
| 041 | _aspa | ||
| 082 | _aOMS Wa 400 | ||
| 110 |
_aOrganizacion Mundial de la Salud _91006 |
||
| 245 | 0 | 0 | _aEfectos sobre la salud de las exposiciones combinadas en el medio de trabajo. Informe de un Comite de Expertos de la OMS |
| 250 | _a1° ed. | ||
| 260 |
_aGinebra _bOrganizacion Mundial de la Salud _c1981 |
||
| 300 | _a84 p. | ||
| 440 | 0 | 0 |
_aInformes Tecnicos _n662 _92838 |
| 653 | _aEXPOSICION A RIESGOS AMBIENTALES | ||
| 653 | _aEXPOSICION PROFESIONAL | ||
| 653 | _aEXPOSICION OCUPACIONAL | ||
| 653 | _aSUSTANCIAS PELIGROSAS | ||
| 942 |
_2ddc _cPH |
||
| 999 |
_c2056 _d2056 |
||
| 952 |
_pH0307 _40 _00 _bBFM _10 _oOMS Wa 400 _d2013-11-08 _tEj. 1 _8NFIC _70 _cCR _2ddc _yPH _aBFM |
||